| 000 | 00644nam a2200229 a 4500 | ||
|---|---|---|---|
| 001 | nice12345678 | ||
| 003 | IN_TiNIC | ||
| 005 | 20260116014023.0 | ||
| 008 | 120809s2012 lona grp 000 0 eng | ||
| 020 |
_a9780415529631 _c795 |
||
| 082 | 0 | 0 |
_a303.69 _bCHA1 |
| 100 | _aChandran, Suba D | ||
| 245 |
_aArmed Conflicts in South Asia 2011 _b The Promise and Threat of Transformation |
||
| 260 |
_aLondon _bRoutledge Chapman Hall _c2012 |
||
| 300 | _a297p | ||
| 500 | _aincludes index and biblioraphy | ||
| 505 | 2 | _aBibliography, Index | |
| 650 | _aConflict Resolution-South Asia | ||
| 902 | _bSRS | ||
| 942 | _cBK | ||
| 999 |
_c13529 _d13529 |
||